[Event "Mediterranean Flower (Women) 24th"]
[Site "Rijeka"]
[Date "2024.03.04"]
[Round "2"]
[White "Radikovic, Anamarija"]
[Black "Medic, Mirjana"]
[Result "1/2-1/2"]
[WhiteElo "2039"]
[BlackElo "2132"]
[PlyCount "30"]
[EventDate "2024.03.03"]
[EventType "tourn"]
[EventRounds "9"]
[EventCountry "CRO"]
[SourceTitle "CB11_2024"]
[SourceDate "2024.03.13"]
[SourceVersion "1"]
[SourceVersionDate "2024.03.13"]
[SourceQuality "1"]

1. Nf3 d5 2. g3 Nf6 3. Bg2 c6 4. c4 e6 5. 0-0 Bd6 6. d4 Nbd7 7. b3 b6 8. Bb2 Bb7 9. Nc3 0-0 10. Qc2 Re8 11. Rfd1 Qe7 12. Rac1 Rac8 13. e4 Nxe4 14. Nxe4 dxe4 15. Qxe4 Nf6 1/2-1/2

[Event "Mitropa Cup (Women)"]
[Site "Apolda"]
[Date "2024.02.22"]
[Round "8.10"]
[White "Zimina, Olga"]
[Black "Medic, Mirjana"]
[Result "1-0"]
[WhiteElo "2291"]
[BlackElo "2151"]
[PlyCount "73"]
[EventDate "2024.02.15"]
[EventType "team-tourn"]
[EventRounds "9"]
[EventCountry "GER"]
[SourceTitle "CB09_2024"]
[SourceDate "2024.02.28"]
[SourceVersion "1"]
[SourceVersionDate "2024.02.28"]
[SourceQuality "1"]
[WhiteTeam "Italy (W)"]
[BlackTeam "Croatia (W)"]
[WhiteTeamCountry "ITA"]
[BlackTeamCountry "CRO"]

1. Nf3 d5 2. g3 Nf6 3. Bg2 c6 4. 0-0 Bf5 5. d3 h6 6. Nbd2 Nbd7 7. Nh4 Bh7 8. e4 dxe4 9. dxe4 e5 10. Qe2 Qc7 11. a4 a5 12. Nf5 g6 13. Ne3 Bg7 14. b3 0-0 15. Bb2 Rfe8 16. Rad1 Nc5 17. f3 Kh8 18. Ndc4 Nfd7 19. Bh3 Bg8 20. Qd2 Nf8 21. Ba3 Red8 22. Qf2 Nfd7 23. Rxd7 Nxd7 24. Bd6 Qc8 25. Nb6 Nxb6 26. Bxc8 Raxc8 27. Ba3 c5 28. Qe1 Bf8 29. Qxa5 Rc6 30. Nd5 Ra8 31. Qb5 Nxd5 32. Qxb7 Rcc8 33. exd5 f6 34. Rd1 Rab8 35. Qa6 Kg7 36. d6 Rd8 37. Bxc5 1-0

[Event "Mitropa Cup (Women)"]
[Site "Apolda"]
[Date "2024.02.15"]
[Round "1.10"]
[White "Georgescu, Lena"]
[Black "Medic, Mirjana"]
[Result "1/2-1/2"]
[WhiteElo "2231"]
[BlackElo "2151"]
[PlyCount "89"]
[EventDate "2024.02.15"]
[EventType "team-tourn"]
[EventRounds "9"]
[EventCountry "GER"]
[SourceTitle "CB09_2024"]
[SourceDate "2024.02.28"]
[SourceVersion "1"]
[SourceVersionDate "2024.02.28"]
[SourceQuality "1"]
[WhiteTeam "Switzerland (W)"]
[BlackTeam "Croatia (W)"]
[WhiteTeamCountry "SUI"]
[BlackTeamCountry "CRO"]

1. e4 e6 2. d4 d5 3. Nc3 Nf6 4. Bg5 dxe4 5. Nxe4 Be7 6. Bxf6 gxf6 7. Nc3 f5 8. Qd2 a6 9. g3 Qd6 10. Bg2 Nd7 11. 0-0-0 Nb6 12. Qe2 Bd7 13. Nf3 Bc6 14. Rhg1 Nd5 15. Nxd5 Bxd5 16. Kb1 0-0-0 17. Ne5 Bxg2 18. Rxg2 Rhf8 19. Rgg1 Qb6 20. c3 Rd5 21. h3 Bf6 22. Nd3 a5 23. g4 fxg4 24. hxg4 Bg7 25. Rh1 h6 26. Nf4 Rg5 27. Nh5 Bh8 28. Ng3 Rg6 29. Qf3 Bf6 30. Nh5 Be7 31. Rhe1 a4 32. Nf4 Rf6 33. Qe3 Bd6 34. Nd3 Rg8 35. f3 Qc6 36. Rf1 a3 37. Ne5 Qa6 38. b3 Rd8 39. Rh1 Bf8 40. Rhe1 Bd6 41. Rh1 Bf8 42. f4 Bd6 43. c4 Rg8 44. Rdf1 Qa5 45. Kc2 1/2-1/2

[Event "EU-chT (Women) 24th"]
[Site "Budva"]
[Date "2023.11.19"]
[Round "8.10"]
[White "Efroimski, Marsel"]
[Black "Medic, Mirjana"]
[Result "1-0"]
[WhiteElo "2448"]
[BlackElo "2166"]
[PlyCount "33"]
[EventDate "2023.11.11"]
[EventType "team-swiss"]
[EventRounds "9"]
[EventCountry "MNE"]
[SourceTitle "CB47_2023"]
[SourceDate "2023.11.22"]
[SourceVersion "1"]
[SourceVersionDate "2023.11.22"]
[SourceQuality "1"]
[WhiteTeam "Israel (W)"]
[BlackTeam "Croatia (W)"]
[WhiteTeamCountry "ISR"]
[BlackTeamCountry "CRO"]

1. e4 e6 2. d4 d5 3. Nc3 Bb4 4. e5 Qd7 5. h4 b6 6. h5 f5 7. a3 Be7 8. g4 Nh6 9. Bxh6 gxh6 10. gxf5 exf5 11. Nh3 Rg8 12. Nf4 Bb7 13. Qf3 c6 14. Bd3 Rg4 15. Nfxd5 Rxd4 16. Bxf5 Qd8 17. Be6 1-0

[Event "EU-chT (Women) 24th"]
[Site "Budva"]
[Date "2023.11.18"]
[Round "7.1"]
[White "Milovic, Aleksandra"]
[Black "Medic, Mirjana"]
[Result "0-1"]
[WhiteElo "2130"]
[BlackElo "2166"]
[PlyCount "116"]
[EventDate "2023.11.11"]
[EventType "team-swiss"]
[EventRounds "9"]
[EventCountry "MNE"]
[SourceTitle "CB47_2023"]
[SourceDate "2023.11.22"]
[SourceVersion "1"]
[SourceVersionDate "2023.11.22"]
[SourceQuality "1"]
[WhiteTeam "Montenegro (W)"]
[BlackTeam "Croatia (W)"]
[WhiteTeamCountry "MNE"]
[BlackTeamCountry "CRO"]

1. e4 e6 2. d4 d5 3. Nd2 Nf6 4. e5 Nfd7 5. Bd3 c5 6. c3 Nc6 7. Ne2 cxd4 8. cxd4 a5 9. 0-0 Nb6 10. Nf3 Be7 11. Nf4 g6 12. g3 Nb4 13. Bb1 a4 14. h4 Bd7 15. Kg2 Bb5 16. Rh1 Nc4 17. Ng5 Qb6 18. Nxh7 Nc6 19. Nxg6 fxg6 20. Bxg6+ Kd7 21. Nf6+ Bxf6 22. exf6 Qxd4 23. Qxd4 Nxd4 24. h5 e5 25. h6 Ke6 26. f7 Nd6 27. f4 Nxf7 28. Bxf7+ Kxf7 29. fxe5 Ke6 30. Bf4 Bd3 31. Kf2 Be4 32. Rh5 Rac8 33. Rc1 Rc6 34. Rxc6+ bxc6 35. Ke3 Nf5+ 36. Kd2 Ne7 37. Kc3 c5 38. b4 axb3 39. axb3 Bh7 40. b4 c4 41. b5 Rc8 42. Rh1 Nf5 43. Ra1 d4+ 44. Kb4 Ne7 45. Ra6+ Kf5 46. b6 Nd5+ 47. Kb5 Nxf4 48. gxf4 c3 49. b7 Rb8 50. Rf6+ Ke4 51. Kb6 c2 52. Rc6 d3 53. Rc8 Rxb7+ 54. Kxb7 d2 55. Rxc2 d1Q 56. Rc7 Qd5+ 57. Kb8 Qg8+ 58. Kb7 Kxf4 0-1

[Event "EU-chT (Women) 24th"]
[Site "Budva"]
[Date "2023.11.15"]
[Round "5.1"]
[White "Medic, Mirjana"]
[Black "Georgescu, Lena"]
[Result "0-1"]
[WhiteElo "2166"]
[BlackElo "2284"]
[PlyCount "44"]
[EventDate "2023.11.11"]
[EventType "team-swiss"]
[EventRounds "9"]
[EventCountry "MNE"]
[SourceTitle "CB47_2023"]
[SourceDate "2023.11.22"]
[SourceVersion "1"]
[SourceVersionDate "2023.11.22"]
[SourceQuality "1"]
[WhiteTeam "Croatia (W)"]
[BlackTeam "Switzerland (W)"]
[WhiteTeamCountry "CRO"]
[BlackTeamCountry "SUI"]

1. d4 Nf6 2. Nf3 d5 3. c4 e6 4. Nc3 Bb4 5. Qa4+ Nc6 6. e3 0-0 7. Qc2 Qe7 8. Bd2 dxc4 9. Bxc4 e5 10. dxe5 Nxe5 11. Nxe5 Qxe5 12. 0-0-0 Bf5 13. Qb3 Bc5 14. h3 b5 15. Bxb5 c6 16. Ba6 Rab8 17. Qa4 Rb4 18. Qa5 Rfb8 19. b3 Rxb3 20. axb3 Rxb3 21. f4 Qxc3+ 22. Bxc3 Bxe3+ 0-1

[Event "CRO-chT (Women) 31st"]
[Site "Veli Losinj"]
[Date "2023.10.18"]
[Round "9.1"]
[White "Rozman, Monika"]
[Black "Medic, Mirjana"]
[Result "1/2-1/2"]
[WhiteElo "2120"]
[BlackElo "2196"]
[PlyCount "86"]
[EventDate "2023.10.11"]
[EventType "team-tourn"]
[EventRounds "9"]
[EventCountry "CRO"]
[SourceTitle "Mega2024 Update 01"]
[Source "Chessbase"]
[SourceDate "2023.11.12"]
[SourceVersion "1"]
[SourceVersionDate "2023.11.12"]
[SourceQuality "1"]
[WhiteTeam "Zagreb Caissa (W)"]
[BlackTeam "Busevec Polet (W)"]
[WhiteTeamCountry "CRO"]
[BlackTeamCountry "CRO"]

1. e4 e6 2. d4 d5 3. Nc3 Nf6 4. Bg5 dxe4 5. Nxe4 Nbd7 6. Nf3 Be7 7. Nxf6+ Nxf6 8. Bd3 c5 9. dxc5 Qa5+ 10. Qd2 Qxd2+ 11. Nxd2 Bxc5 12. Bxf6 gxf6 13. Rd1 Bd7 14. Be4 Rc8 15. 0-0 Rc7 16. Nb3 Be7 17. Rd2 f5 18. Bd3 Bf6 19. c3 0-0 20. f4 Ba4 21. Be2 Rd8 22. Rfd1 Rcd7 23. Rxd7 Rxd7 24. Rxd7 Bxd7 25. Kf2 Kf8 26. Nc5 Bc6 27. Bf3 Bxf3 28. Kxf3 b6 29. Nd7+ Ke7 30. Nxf6 Kxf6 31. c4 Ke7 32. b4 f6 33. g4 fxg4+ 34. Kxg4 Kd6 35. Kf3 a5 36. a3 a4 37. Ke4 Kc6 38. Kf3 Kd6 39. Kg4 Kc6 40. Kh5 Kd6 41. h4 e5 42. Kg4 e4 43. Kg3 f5 1/2-1/2

[Event "CRO-chT (Women) 31st"]
[Site "Veli Losinj"]
[Date "2023.10.16"]
[Round "7.1"]
[White "Berke, Ana"]
[Black "Medic, Mirjana"]
[Result "1/2-1/2"]
[WhiteElo "2147"]
[BlackElo "2196"]
[PlyCount "22"]
[EventDate "2023.10.11"]
[EventType "team-tourn"]
[EventRounds "9"]
[EventCountry "CRO"]
[SourceTitle "Mega2024 Update 01"]
[Source "Chessbase"]
[SourceDate "2023.11.12"]
[SourceVersion "1"]
[SourceVersionDate "2023.11.12"]
[SourceQuality "1"]
[WhiteTeam "Rijeka Draga (W)"]
[BlackTeam "Busevec Polet (W)"]
[WhiteTeamCountry "CRO"]
[BlackTeamCountry "CRO"]

1. d4 d5 2. Bf4 e6 3. e3 Bd6 4. Bg3 Nf6 5. Nf3 0-0 6. c3 c5 7. Nbd2 Nc6 8. Bd3 cxd4 9. exd4 Ne7 10. 0-0 Bxg3 11. hxg3 Bd7 1/2-1/2

[Event "CRO-chT (Women) 31st"]
[Site "Veli Losinj"]
[Date "2023.10.12"]
[Round "2.1"]
[White "Janzelj, Lara"]
[Black "Medic, Mirjana"]
[Result "1/2-1/2"]
[WhiteElo "2143"]
[BlackElo "2196"]
[PlyCount "72"]
[EventDate "2023.10.11"]
[EventType "team-tourn"]
[EventRounds "9"]
[EventCountry "CRO"]
[SourceTitle "Mega2024 Update 01"]
[Source "Chessbase"]
[SourceDate "2023.11.12"]
[SourceVersion "1"]
[SourceVersionDate "2023.11.12"]
[SourceQuality "1"]
[WhiteTeam "Novo Virje Konaki (W)"]
[BlackTeam "Busevec Polet (W)"]
[WhiteTeamCountry "CRO"]
[BlackTeamCountry "CRO"]

1. d4 e6 2. Nf3 d5 3. c4 c6 4. Qc2 f5 5. Bf4 Nf6 6. e3 Be7 7. Be2 0-0 8. Nfd2 Nbd7 9. 0-0 Ne4 10. Nxe4 fxe4 11. Nc3 Nf6 12. f3 exf3 13. Rxf3 Bd6 14. Raf1 Bxf4 15. Rxf4 Bd7 16. Bd3 Qe7 17. Qf2 e5 18. dxe5 Qxe5 19. cxd5 Qe7 20. Bc4 Kh8 21. Ne4 cxd5 22. Bxd5 Bb5 23. Rd1 Nxd5 24. Rxd5 Rxf4 25. Qxf4 Bc6 26. Re5 Qb4 27. h3 h6 28. Ng3 Qxb2 29. e4 Qb4 30. Nf5 Rf8 31. Re6 Bxe4 32. Rxe4 Qc5+ 33. Qe3 Qxf5 34. Re7 Qf1+ 35. Kh2 Qf4+ 36. Qxf4 Rxf4 1/2-1/2

[Event "Mediterranean Flower (Women) 23rd"]
[Site "Rijeka"]
[Date "2023.03.09"]
[Round "6"]
[White "Radeva, Viktoria"]
[Black "Medic, Mirjana"]
[Result "1/2-1/2"]
[WhiteElo "2247"]
[BlackElo "2195"]
[PlyCount "120"]
[EventDate "2023.03.05"]
[EventType "tourn"]
[EventRounds "9"]
[EventCountry "CRO"]
[SourceTitle "CBM 213 Extra"]
[Source "ChessBase"]
[SourceDate "2023.05.31"]
[SourceVersion "1"]
[SourceVersionDate "2023.05.31"]
[SourceQuality "1"]

1. e4 e6 2. d4 d5 3. e5 c5 4. c3 Nc6 5. Nf3 Qb6 6. Bd3 Bd7 7. dxc5 Bxc5 8. 0-0 a5 9. Qe2 Nge7 10. Nbd2 a4 11. b4 axb3 12. Nxb3 Ba3 13. Nbd4 Nxd4 14. cxd4 h6 15. Rb1 Qc7 16. Bf4 Nc6 17. Qd2 Na5 18. Bb5 Bxb5 19. Rxb5 Nc4 20. Qc2 0-0 21. Rb3 Rfc8 22. Qb1 Ra7 23. Ne1 Bf8 24. Rg3 g6 25. h4 h5 26. Rb3 b6 27. g4 hxg4 28. Rg3 f5 29. exf6 Qxf4 30. Qxg6+ Bg7 31. Rxg4 Qf5 32. Ng2 Nd2 33. Rd1 Nf3+ 34. Kh1 Qxg6 35. Rxg6 Kh7 36. Rxg7+ Rxg7 37. fxg7 Kxg7 38. Nf4 Kf6 39. h5 Rc4 40. Kg2 Nxd4 41. h6 Nf5 42. h7 Rc8 43. Rb1 Kg7 44. Rxb6 Kxh7 45. Rxe6 Ra8 46. Re5 Ng7 47. Re2 d4 48. Kf3 Ra4 49. Nd3 Nf5 50. Ke4 Kg6 51. Rc2 Nd6+ 52. Ke5 Nb5 53. f4 Nc3 54. Nc1 d3 55. Rg2+ Kf7 56. Nxd3 Rxa2 57. Rxa2 Nxa2 58. Kd4 Kf6 59. Kc4 Kf5 60. Kb3 Nc1+ 1/2-1/2

[Event "Mediterranean Flower (Women) 23rd"]
[Site "Rijeka"]
[Date "2023.03.08"]
[Round "5"]
[White "Medic, Mirjana"]
[Black "Berke, Ana"]
[Result "1/2-1/2"]
[WhiteElo "2195"]
[BlackElo "2107"]
[PlyCount "23"]
[EventDate "2023.03.05"]
[EventType "tourn"]
[EventRounds "9"]
[EventCountry "CRO"]
[SourceTitle "CBM 213 Extra"]
[Source "ChessBase"]
[SourceDate "2023.05.31"]
[SourceVersion "1"]
[SourceVersionDate "2023.05.31"]
[SourceQuality "1"]

1. d4 d5 2. c4 e6 3. Nc3 a6 4. cxd5 exd5 5. Nf3 c6 6. Bg5 Be7 7. Bxe7 Qxe7 8. e3 Bf5 9. Bd3 Bxd3 10. Qxd3 Nf6 11. 0-0 0-0 12. Ne5 1/2-1/2

[Event "Mediterranean Flower (Women) 23rd"]
[Site "Rijeka"]
[Date "2023.03.06"]
[Round "2"]
[White "Medic, Mirjana"]
[Black "Rakhmangulova, Anastasiya"]
[Result "1/2-1/2"]
[WhiteElo "2195"]
[BlackElo "2266"]
[PlyCount "22"]
[EventDate "2023.03.05"]
[EventType "tourn"]
[EventRounds "9"]
[EventCountry "CRO"]
[SourceTitle "CBM 213 Extra"]
[Source "ChessBase"]
[SourceDate "2023.05.31"]
[SourceVersion "1"]
[SourceVersionDate "2023.05.31"]
[SourceQuality "1"]

1. d4 d5 2. Nf3 Nf6 3. e3 c6 4. c4 e6 5. Nc3 Nbd7 6. Qc2 Bd6 7. b3 0-0 8. Be2 b6 9. 0-0 Bb7 10. Bb2 Rc8 11. Rac1 c5 1/2-1/2

[Event "CRO-chT (Women) 30th"]
[Site "Porec"]
[Date "2022.09.28"]
[Round "6.4"]
[White "Medic, Mirjana"]
[Black "Movsesian, Julia"]
[Result "1/2-1/2"]
[WhiteElo "2194"]
[BlackElo "2300"]
[PlyCount "59"]
[EventDate "2022.09.24"]
[EventType "team-tourn"]
[EventRounds "9"]
[EventCountry "CRO"]
[SourceTitle "CBM 210 Extra"]
[Source "ChessBase"]
[SourceDate "2022.11.30"]
[SourceVersion "1"]
[SourceVersionDate "2022.11.30"]
[SourceQuality "1"]
[WhiteTeam "Busevec Polet (W)"]
[BlackTeam "Zagreb Mladost (W)"]
[WhiteTeamCountry "CRO"]
[BlackTeamCountry "CRO"]

1. d4 d5 2. c4 e6 3. Nc3 a6 4. cxd5 exd5 5. Nf3 h6 6. Bf4 Nf6 7. e3 Bd6 8. Ne5 c5 9. dxc5 Bxc5 10. Be2 0-0 11. 0-0 Be6 12. Rc1 Ba7 13. Bf3 Nbd7 14. Nxd7 Qxd7 15. Be5 Qe7 16. Bxf6 Qxf6 17. Bxd5 Rad8 18. Qb3 b5 19. Rcd1 Bg4 20. Rd2 Kh8 21. Ne4 Qe5 22. h3 f5 23. Ng3 f4 24. exf4 Qxf4 25. Ne4 Bf5 26. Re2 Qe5 27. Nc3 Qf4 28. Ne4 Qe5 29. Nc3 Qf4 30. Ne4 1/2-1/2

[Event "CRO-chT (Women) 30th"]
[Site "Porec"]
[Date "2022.09.25"]
[Round "3.1"]
[White "Medic, Mirjana"]
[Black "Kejzar, Petra"]
[Result "1/2-1/2"]
[WhiteElo "2194"]
[BlackElo "2120"]
[PlyCount "73"]
[EventDate "2022.09.24"]
[EventType "team-tourn"]
[EventRounds "9"]
[EventCountry "CRO"]
[SourceTitle "CBM 210 Extra"]
[Source "ChessBase"]
[SourceDate "2022.11.30"]
[SourceVersion "1"]
[SourceVersionDate "2022.11.30"]
[SourceQuality "1"]
[WhiteTeam "Busevec Polet (W)"]
[BlackTeam "Velimirovac Radnik (W)"]
[WhiteTeamCountry "CRO"]
[BlackTeamCountry "CRO"]

1. d4 Nf6 2. c4 e6 3. Nc3 d5 4. Bg5 Be7 5. cxd5 exd5 6. Qc2 c6 7. e3 Nbd7 8. Bd3 0-0 9. Nf3 Re8 10. 0-0 h6 11. Bh4 Ne4 12. Bxe7 Qxe7 13. Bxe4 dxe4 14. Nd2 Nf6 15. Rae1 b6 16. f3 Ba6 17. Rf2 exf3 18. Nxf3 c5 19. Ne5 cxd4 20. exd4 Ng4 21. Rf4 h5 22. h3 Nxe5 23. Rxe5 Qc7 24. Qe4 Qd7 25. Qf3 Bb7 26. Qxh5 f6 27. Rxe8+ Rxe8 28. Qd1 Qd6 29. Qd2 a6 30. a3 Re7 31. Rf1 Re8 32. d5 Re5 33. Rd1 b5 34. Qd4 Kh7 35. Qh4+ Kg8 36. Qd4 Kh7 37. Qh4+ 1/2-1/2

[Event "Olympiad Women-44"]
[Site "Chennai"]
[Date "2022.08.07"]
[Round "9.1"]
[White "Medic, Mirjana"]
[Black "Milovic, Aleksandra"]
[Result "1/2-1/2"]
[WhiteElo "2194"]
[BlackElo "2129"]
[PlyCount "115"]
[EventDate "2022.07.29"]
[EventType "team-swiss"]
[EventRounds "11"]
[EventCountry "IND"]
[SourceTitle "CBM 210"]
[Source "ChessBase"]
[SourceDate "2022.10.31"]
[SourceVersion "1"]
[SourceVersionDate "2022.10.31"]
[SourceQuality "1"]
[WhiteTeam "Croatia (W)"]
[BlackTeam "Montenegro (W)"]
[WhiteTeamCountry "CRO"]
[BlackTeamCountry "MNE"]

1. d4 Nf6 2. c4 e6 3. Nf3 b6 4. g3 Bb7 5. Bg2 Bb4+ 6. Nbd2 c5 7. dxc5 Bxc5 8. 0-0 0-0 9. a3 d5 10. b4 Be7 11. Bb2 Nbd7 12. Re1 a5 13. cxd5 axb4 14. axb4 Nxd5 15. b5 Nc5 16. Ne5 Bf6 17. Ndc4 Qc7 18. e4 Ne7 19. Qe2 Ng6 20. f4 Rfd8 21. Qe3 Be7 22. Nxg6 hxg6 23. Be5 Qd7 24. Nxb6 Qxb5 25. Rab1 Qc6 26. Nxa8 Rxa8 27. Qc3 f5 28. Bxg7 Nxe4 29. Qxc6 Bxc6 30. Bd4 g5 31. fxg5 Bxg5 32. Be5 Be7 33. Bxe4 Bxe4 34. Rb8+ Rxb8 35. Bxb8 Bc5+ 36. Kf1 Bd3+ 37. Kg2 Be4+ 38. Kh3 Kf7 39. Be5 Kg6 40. Rc1 Be3 41. Rc7 Bh6 42. Rc8 Bf3 43. Rg8+ Kf7 44. Rb8 Kg6 45. Rb6 Bd5 46. Bf4 Bg7 47. g4 Bd4 48. Ra6 Bc4 49. Rd6 Bf6 50. Kg3 fxg4 51. Kxg4 Be2+ 52. Kg3 Kf5 53. Rd2 Bh5 54. Rf2 Ke4 55. Bc1 Bc3 56. Kh4 Be1 57. Kxh5 Bxf2 58. Kg4 1/2-1/2

[Event "Olympiad Women-44"]
[Site "Chennai"]
[Date "2022.08.05"]
[Round "7.1"]
[White "Guichard, Pauline"]
[Black "Medic, Mirjana"]
[Result "1-0"]
[WhiteElo "2379"]
[BlackElo "2194"]
[PlyCount "91"]
[EventDate "2022.07.29"]
[EventType "team-swiss"]
[EventRounds "11"]
[EventCountry "IND"]
[SourceTitle "CBM 210"]
[Source "ChessBase"]
[SourceDate "2022.10.31"]
[SourceVersion "1"]
[SourceVersionDate "2022.10.31"]
[SourceQuality "1"]
[WhiteTeam "France (W)"]
[BlackTeam "Croatia (W)"]
[WhiteTeamCountry "FRA"]
[BlackTeamCountry "CRO"]

1. d4 d5 2. c4 e6 3. Nc3 Nf6 4. Nf3 Be7 5. Bf4 0-0 6. e3 b6 7. Be2 Bb7 8. 0-0 c5 9. cxd5 Nxd5 10. Nxd5 exd5 11. b3 Nd7 12. Rc1 Rc8 13. Qd3 Nf6 14. Rfd1 Ne4 15. Nd2 cxd4 16. exd4 Nxd2 17. Qxd2 Qd7 18. h3 Rxc1 19. Rxc1 Rc8 20. Re1 Re8 21. Bg4 f5 22. Bh5 g6 23. Bf3 Bf6 24. Be5 Bg7 25. h4 Re6 26. h5 Qe7 27. Qf4 Bxe5 28. dxe5 Qd8 29. Rd1 Qc7 30. Bxd5 Bxd5 31. Rxd5 Kg7 32. g3 Qc6 33. h6+ Kf7 34. Qd4 g5 35. Rd7+ Kg6 36. Rd6 Qc8 37. Kh2 Kh5 38. Qd1+ g4 39. Rxe6 Qxe6 40. Qd6 Qxh6 41. e6 Qf6 42. Qd7 f4 43. Qxh7+ Kg5 44. Qh4+ Kf5 45. Qxf6+ Kxf6 46. gxf4 1-0

[Event "Olympiad Women-44"]
[Site "Chennai"]
[Date "2022.08.02"]
[Round "5.1"]
[White "Borosova, Zuzana"]
[Black "Medic, Mirjana"]
[Result "1/2-1/2"]
[WhiteElo "2277"]
[BlackElo "2194"]
[PlyCount "60"]
[EventDate "2022.07.29"]
[EventType "team-swiss"]
[EventRounds "11"]
[EventCountry "IND"]
[SourceTitle "CBM 210"]
[Source "ChessBase"]
[SourceDate "2022.10.31"]
[SourceVersion "1"]
[SourceVersionDate "2022.10.31"]
[SourceQuality "1"]
[WhiteTeam "Slovakia (W)"]
[BlackTeam "Croatia (W)"]
[WhiteTeamCountry "SVK"]
[BlackTeamCountry "CRO"]

1. e4 e6 2. d4 d5 3. Nc3 Nf6 4. e5 Nfd7 5. f4 c5 6. Nf3 Nc6 7. Be3 a6 8. Qd2 b5 9. dxc5 Bxc5 10. Bd3 Qb6 11. Bf2 Bxf2+ 12. Qxf2 Nc5 13. 0-0 b4 14. Ne2 a5 15. Kh1 Ne7 16. Nfd4 Rb8 17. Qg3 Nxd3 18. cxd3 0-0 19. Rac1 Bd7 20. Rfd1 Rfc8 21. Qe3 Bb5 22. Rxc8+ Rxc8 23. Rc1 Rxc1+ 24. Nxc1 h6 25. Nf5 Qxe3 26. Nxe3 Nc6 27. Nc2 Ba4 28. b3 Bb5 29. Kg1 f6 30. d4 Kf7 1/2-1/2

[Event "Olympiad Women-44"]
[Site "Chennai"]
[Date "2022.08.01"]
[Round "4.1"]
[White "Medic, Mirjana"]
[Black "Mouradian, Knarik Jacob"]
[Result "1-0"]
[WhiteElo "2194"]
[BlackElo "2121"]
[PlyCount "131"]
[EventDate "2022.07.29"]
[EventType "team-swiss"]
[EventRounds "11"]
[EventCountry "IND"]
[SourceTitle "CBM 210"]
[Source "ChessBase"]
[SourceDate "2022.10.31"]
[SourceVersion "1"]
[SourceVersionDate "2022.10.31"]
[SourceQuality "1"]
[WhiteTeam "Croatia (W)"]
[BlackTeam "Lebanon (W)"]
[WhiteTeamCountry "CRO"]
[BlackTeamCountry "LBN"]

1. d4 d5 2. c4 c6 3. Nf3 Nf6 4. Nc3 e6 5. e3 Nbd7 6. Qc2 b6 7. b3 Bb7 8. Bb2 Rc8 9. Be2 Bd6 10. 0-0 0-0 11. Rad1 Qe7 12. Rfe1 Rfd8 13. Bf1 e5 14. e4 dxc4 15. Bxc4 b5 16. Bf1 a6 17. g3 b4 18. Na4 Ng4 19. h3 Ngf6 20. dxe5 Bxe5 21. Nxe5 Nxe5 22. Bxe5 Qxe5 23. Nc5 Qe7 24. Rxd8+ Rxd8 25. Bxa6 Bxa6 26. Nxa6 c5 27. Qxc5 Qe6 28. Nxb4 Qxh3 29. Qg5 h6 30. Qh4 Qd7 31. Qf4 Qc8 32. Rc1 Qe6 33. Nc6 Ra8 34. e5 Nh7 35. Nd4 Qd7 36. e6 fxe6 37. Rc7 Qe8 38. Qe5 Nf6 39. Qxe6+ Qxe6 40. Nxe6 Ra6 41. Rxg7+ Kh8 42. Re7 Rxa2 43. Nd4 Rd2 44. Nf5 h5 45. Ne3 Rb2 46. Rf7 Ne4 47. Rf4 Nc5 48. Rf5 Ne4 49. Rxh5+ Kg7 50. Rf5 Rxb3 51. Re5 Nf6 52. Kg2 Kg6 53. f4 Ra3 54. g4 Nd7 55. Rg5+ Kf6 56. Kf3 Rb3 57. Rd5 Nf8 58. Rd6+ Ke7 59. Rc6 Ne6 60. Ke4 Rb4+ 61. Rc4 Rb5 62. f5 Ng5+ 63. Kf4 Nf7 64. g5 Kf8 65. Rd4 Rb2 66. g6 1-0

[Event "Olympiad Women-44"]
[Site "Chennai"]
[Date "2022.07.30"]
[Round "2.1"]
[White "Medic, Mirjana"]
[Black "Kashlinskaya, Alina"]
[Result "1/2-1/2"]
[WhiteElo "2194"]
[BlackElo "2505"]
[PlyCount "85"]
[EventDate "2022.07.29"]
[EventType "team-swiss"]
[EventRounds "11"]
[EventCountry "IND"]
[SourceTitle "CBM 210"]
[Source "ChessBase"]
[SourceDate "2022.10.31"]
[SourceVersion "1"]
[SourceVersionDate "2022.10.31"]
[SourceQuality "1"]
[WhiteTeam "Croatia (W)"]
[BlackTeam "Poland (W)"]
[WhiteTeamCountry "CRO"]
[BlackTeamCountry "POL"]

1. d4 Nf6 2. Nf3 g6 3. c4 Bg7 4. g3 0-0 5. Bg2 d6 6. 0-0 Nc6 7. Nc3 e5 8. d5 Nb8 9. h3 a5 10. e4 Na6 11. Be3 Nd7 12. Ne1 Nac5 13. Nd3 b6 14. Nxc5 bxc5 15. Rc1 f5 16. exf5 gxf5 17. f4 exf4 18. Bxf4 Ne5 19. b3 Ng6 20. Bd2 Bd7 21. a4 Kh8 22. Ne2 Rg8 23. Nf4 Nxf4 24. Bxf4 Rb8 25. Kh2 Qf6 26. Re1 Bh6 27. Bxh6 Qxh6 28. Qf3 Rg7 29. Qe3 Qg6 30. Rc3 Qf6 31. Rd3 Rbg8 32. Qf4 Qb2 33. Rde3 Qf6 34. R1e2 Rg6 35. Re7 R8g7 36. Rxg7 Rxg7 37. Qd2 Qg5 38. Qxg5 Rxg5 39. Re3 Kg8 40. Kg1 Kf7 41. Kf2 Kf6 42. Kf3 Rg8 43. Kf4 1/2-1/2

[Event "Pula op 34th"]
[Site "Pula"]
[Date "2022.06.25"]
[Round "9"]
[White "Fercec, Nenad"]
[Black "Medic, Mirjana"]
[Result "1/2-1/2"]
[WhiteElo "2416"]
[BlackElo "2180"]
[PlyCount "36"]
[EventDate "2022.06.18"]
[EventType "swiss"]
[EventRounds "9"]
[EventCountry "CRO"]
[SourceTitle "CBM 209 Extra"]
[Source "ChessBase"]
[SourceDate "2022.09.30"]
[SourceVersion "1"]
[SourceVersionDate "2022.09.30"]
[SourceQuality "1"]

1. e4 e6 2. d4 d5 3. Nd2 dxe4 4. Nxe4 Nd7 5. Bd3 Ngf6 6. Qe2 c5 7. Nxf6+ Nxf6 8. dxc5 Bxc5 9. Bd2 Qb6 10. 0-0-0 Bd7 11. Nf3 Ng4 12. Bc3 0-0-0 13. Ne5 Nxe5 14. Bxe5 f6 15. Bg3 e5 16. Rhf1 Be6 17. Bc4 Bf5 18. Kb1 Rd4 1/2-1/2